An introduction to catastrophe theory
Αποθηκεύτηκε σε:
| Κύριος συγγραφέας: | |
|---|---|
| Μορφή: | Βιβλίο |
| Γλώσσα: | English |
| Δημοσίευση: |
Cambridge [Eng.] : New York :
Cambridge University Press,
1982-1994
|
| Θέματα: | |
| Ετικέτες: |
Προσθήκη ετικέτας
Δεν υπάρχουν, Καταχωρήστε ετικέτα πρώτοι!
|
MARC
| LEADER | 00000cam a2200000 i 4500 | ||
|---|---|---|---|
| 001 | 1/36993 | ||
| 008 | 941103s19821994 eng d | ||
| 020 | |a 052123042X | ||
| 020 | |a 0521297826 | ||
| 035 | |l 10040384 | ||
| 035 | |a 1993 |c ΣΕΙΜΕΝΗΣ | ||
| 035 | |a 1995 |c ΒΟΥΡΟΣ | ||
| 040 | |a GR-MY-UA |b gre |e aacr | ||
| 041 | 0 | |a eng | |
| 082 | 0 | |a 514.7 | |
| 100 | 1 | |a Saunders, P. T. |q (Peter Timothy) |d 1939- | |
| 245 | 1 | 3 | |a An introduction to catastrophe theory / |c P. T. Saunders |
| 260 | |a Cambridge [Eng.] : |a New York : |b Cambridge University Press, |c 1982-1994 | ||
| 300 | |a xii, 144 σ.; |b εικ.; |c 24 εκ. | ||
| 500 | |a Includes indexes | ||
| 504 | |a Bibliography: p. [138]-140 | ||
| 650 | 0 | 0 | |a Catastrophes (Mathematics) |
| 852 | |a INST |b SAMOS |e 19941103 |h 514.7 SAU |p 005300003818 |q 005300003818 |t BK |y 0 | ||
| 852 | |a INST |b SAMOS |e 19950529 |h 514.7 SAU |p 005300005559 |q 005300005559 |t BK |y 0 | ||
| 909 | |a Σ |b 025195 | ||
| 909 | |a Σ |b 039004 | ||